<?xml version='1.0' encoding='UTF-8'?>
  <record xmlns="http://www.loc.gov/MARC21/slim">
    <leader>00000cam a2200000 i 4500</leader>
    <controlfield tag="001">ocn905463110</controlfield>
    <controlfield tag="003">OCoLC</controlfield>
    <controlfield tag="005">20250407153038.9</controlfield>
    <controlfield tag="008">881013s1928    ne       m    000 0 dut d</controlfield>
    <datafield tag="040" ind1=" " ind2=" ">
      <subfield code="a">NLGGC</subfield>
      <subfield code="b">dut</subfield>
      <subfield code="e">fobidrtb</subfield>
      <subfield code="c">NLGGC</subfield>
      <subfield code="d">OCLCO</subfield>
      <subfield code="d">OCLCF</subfield>
      <subfield code="d">OCLCO</subfield>
      <subfield code="d">OCLCL</subfield>
      <subfield code="d">NLRIJ</subfield>
      <subfield code="d">OCLCQ</subfield>
    </datafield>
    <datafield tag="029" ind1="0" ind2=" ">
      <subfield code="a">NLGGC</subfield>
      <subfield code="b">049160893</subfield>
    </datafield>
    <datafield tag="035" ind1=" " ind2=" ">
      <subfield code="a">(OCoLC)905463110</subfield>
    </datafield>
    <datafield tag="050" ind1=" " ind2="4">
      <subfield code="a">ND653.W9</subfield>
      <subfield code="b">L6</subfield>
    </datafield>
    <datafield tag="072" ind1=" " ind2="7">
      <subfield code="a">Aa008</subfield>
      <subfield code="2">acapub</subfield>
    </datafield>
    <datafield tag="100" ind1="1" ind2=" ">
      <subfield code="a">Lindeman, C.M.A.A.</subfield>
      <subfield code="q">(Catharinus Marius Anne Alettus)</subfield>
      <subfield code="1">https://id.oclc.org/worldcat/entity/E39PCjxkY7RG6Qh6Yxq8mDVhBP</subfield>
    </datafield>
    <datafield tag="245" ind1="1" ind2="3">
      <subfield code="a">De oorsprong, ontwikkeling en beteekenis van het Romanisme in de Nederlandsche schilderkunst /</subfield>
      <subfield code="c">door Catharinus Marius Anne Alettus Lindeman.</subfield>
    </datafield>
    <datafield tag="260" ind1=" " ind2=" ">
      <subfield code="a">Utrecht :</subfield>
      <subfield code="b">Oosthoek,</subfield>
      <subfield code="c">1928.</subfield>
    </datafield>
    <datafield tag="300" ind1=" " ind2=" ">
      <subfield code="a">p. [151]-247. ;</subfield>
      <subfield code="c">27 cm.</subfield>
    </datafield>
    <datafield tag="336" ind1=" " ind2=" ">
      <subfield code="a">tekst</subfield>
      <subfield code="b">txt</subfield>
      <subfield code="2">rdacontent/dut</subfield>
    </datafield>
    <datafield tag="337" ind1=" " ind2=" ">
      <subfield code="a">zonder medium</subfield>
      <subfield code="b">n</subfield>
      <subfield code="2">rdamedia/dut</subfield>
    </datafield>
    <datafield tag="338" ind1=" " ind2=" ">
      <subfield code="a">band</subfield>
      <subfield code="b">nc</subfield>
      <subfield code="2">rdacarrier/dut</subfield>
    </datafield>
    <datafield tag="500" ind1=" " ind2=" ">
      <subfield code="a">Dit proefschrift omvat slechts de laatste hoofdstukken van een monographie over het werk van Joachim A. Wtewael, welke slechts om praktische redenen niet in haar geheel als dissertatie kon worden voorgelegd.</subfield>
    </datafield>
    <datafield tag="502" ind1=" " ind2=" ">
      <subfield code="a">Proefschrift Rijksuniversiteit Utrecht.</subfield>
    </datafield>
    <datafield tag="530" ind1=" " ind2=" ">
      <subfield code="a">Titel wordt gedigitaliseerd voor de Koninklijke Bibliotheek in het kader van Metamorfoze.</subfield>
    </datafield>
    <datafield tag="650" ind1=" " ind2="0">
      <subfield code="a">Painting, Dutch</subfield>
      <subfield code="x">Italian influences.</subfield>
    </datafield>
    <datafield tag="650" ind1=" " ind2="0">
      <subfield code="a">Painting</subfield>
      <subfield code="z">Netherlands</subfield>
      <subfield code="x">History.</subfield>
    </datafield>
    <datafield tag="650" ind1=" " ind2="6">
      <subfield code="a">Peinture</subfield>
      <subfield code="z">Pays-Bas</subfield>
      <subfield code="x">Histoire.</subfield>
    </datafield>
    <datafield tag="650" ind1=" " ind2="7">
      <subfield code="a">Painting.</subfield>
      <subfield code="2">fast</subfield>
      <subfield code="0">(OCoLC)fst01050567</subfield>
    </datafield>
    <datafield tag="650" ind1=" " ind2="7">
      <subfield code="a">Painting, Dutch</subfield>
      <subfield code="x">Italian influences.</subfield>
      <subfield code="2">fast</subfield>
      <subfield code="0">(OCoLC)fst01050787</subfield>
    </datafield>
    <datafield tag="651" ind1=" " ind2="7">
      <subfield code="a">Netherlands.</subfield>
      <subfield code="2">fast</subfield>
      <subfield code="0">(OCoLC)fst01204034</subfield>
      <subfield code="1">https://id.oclc.org/worldcat/entity/E39PBJk4D96j3YTHJQfHCV3vpP</subfield>
    </datafield>
    <datafield tag="600" ind1="1" ind2="7">
      <subfield code="a">Wtewael, Joachim</subfield>
      <subfield code="q">(Joachim Anthonisz),</subfield>
      <subfield code="d">1566-1638.</subfield>
      <subfield code="2">local</subfield>
      <subfield code="0">(NL-LeOCL)069082316</subfield>
    </datafield>
    <datafield tag="653" ind1=" " ind2=" ">
      <subfield code="a">Wtewael</subfield>
    </datafield>
    <datafield tag="655" ind1=" " ind2="7">
      <subfield code="a">History.</subfield>
      <subfield code="2">fast</subfield>
      <subfield code="0">(OCoLC)fst01411628</subfield>
    </datafield>
    <datafield tag="758" ind1=" " ind2=" ">
      <subfield code="a">De oorsprong, ontwikkeling en beteekenis van het Romanisme in de Nederlandsche schilderkunst (Text)</subfield>
      <subfield code="1">https://id.oclc.org/worldcat/entity/E39PCXQRKFcR3pTwm3VYXQgG6q</subfield>
      <subfield code="4">https://id.oclc.org/worldcat/ontology/hasWork</subfield>
    </datafield>
    <datafield tag="776" ind1="0" ind2=" ">
      <subfield code="t">De oorsprong, ontwikkeling en beteekenis van het Romanisme in de Nederlandsche schilderkunst</subfield>
      <subfield code="w">(NL-LeOCL)429778635</subfield>
    </datafield>
    <datafield tag="936" ind1=" " ind2=" ">
      <subfield code="a">BATCHLOAD</subfield>
    </datafield>
  </record>